Countries That Touch the Red Sea - Statistics

General Stats
  • This quiz has been taken 65,498 times
  • The average score is 7 of 8
Answer Stats
Country % Correct
Egypt
98%
Saudi Arabia
96%
Yemen
94%
Israel
93%
Jordan
88%
Eritrea
85%
Djibouti
82%
Sudan
82%
No matching quizzes found
Score Distribution
Percent of People with Each Score
Percentile by Number Answered
Your Score History
You have not taken this quiz